000 00836nam a22002417a 4500
003 0
005 20251119162004.0
008 251119b xxu||||| |||| 00| 0 eng d
020 _a978-0-316-00682-8
050 _aPZ 7
_b.H3137 Boy 2009
100 _aHarrison, Lisi,
_eauthor.
245 _aBoys R Us :
_bClique novel /
_cLisi Harrison.
260 _aNew York :
_bPoppy, Little, Brown and Company,
_c2009.
300 _a263 pages ;
_c20 cm.
500 _aPart of The Clique series.
520 _aThe members of the Clique face social drama, friendships, and challenges in this contemporary teen fiction novel.
650 _aTeen fiction.
650 _aSocial life
_vJuvenile fiction.
650 _aFriendship
_vJuvenile fiction.
650 _aContemporary realistic fiction.
830 _aClique ;
_sbk. 4.
942 _2lcc
_cBK
999 _c368679
_d368679